Costos de la atención primaria: eficiencia de unidades del primer nivel de atención, estudio de caso

Сохранить в:
Библиографические подробности
Формат:
Язык:испанский
Опубликовано: Cali CIMDER 1989
Предметы:
Метки: Добавить метку
Нет меток, Требуется 1-ая метка записи!

MARC

LEADER 00000nam a2200000 a 4500
001 UCW4170
003 CL-VaPUC
008 891009e19890000CK |||||||||||||||||spa|d
082 0 4 |a 614.44  |b COS  |2 21 
245 1 0 |a Costos de la atención primaria: eficiencia de unidades del primer nivel de atención, estudio de caso 
300 |a 88 p 
942 |c BK 
945 |d 19891009 00:00:00 
260 |a Cali  |b CIMDER  |c 1989 
650 0 |a Niños  |9 255605 
650 0 |a Enfermedades  |9 263059 
650 7 |a SALUD E HIGIENE  |2 CL-VaPUC  |9 307452 
650 7 |a MENTALIDAD INFANTIL  |2 CL-VaPUC  |9 308752 
650 7 |a SALUD DE LOS NIÑOS  |2 CL-VaPUC  |9 308753 
583 |a last modification  |c 19891009 00:00:00  |k Rodrigo Vera 
999 |c 217959  |d 217957 
952 |0 0  |1 0  |4 0  |6 614_440000000000000_COS_1989  |7 0  |8 P  |9 206667  |a BIBEDU  |b BIBEDU  |c BIBEDU_PB  |d 2019-11-15  |i 2744988  |o 614.44 COS 1989  |p 2744988  |r 2024-01-25  |w 2019-11-15  |y BK  |k EDU